| 000 | 00332cam a22001337a 4500 | ||
|---|---|---|---|
| 008 | 180718b1944 xxu||||| |||| 00| 0 eng d | ||
| 082 | _aB13 M919 | ||
| 100 | _aMumford, Lewis | ||
| 245 |
_aCondition of man _cby Lewis Mumford |
||
| 260 |
_aLondon _bSecker & Warburg _c1944 |
||
| 300 | _a467p. | ||
| 500 | _a25/- | ||
| 650 | _aCommunity | ||
| 999 |
_c374445 _d374445 |
||